| 000 | 00661nam a2200217Ia 4500 | ||
|---|---|---|---|
| 003 | GCL | ||
| 008 | 140319s9999 xx 000 0 ara d | ||
| 040 |
_aGCL / _cGCL |
||
| 082 | 0 | 4 |
_a658.91 _bح ا |
| 100 | 1 | _aحسان محمد نذير حرستانى | |
| 245 | 1 | 0 |
_aادارة المستشفيات / _cحسان محمد نذير حرستانى |
| 260 |
_a[S.N] : _bمعهد الادارة العامة ، _c1990 |
||
| 300 | _a488 | ||
| 490 | _a | ||
| 650 | 0 | 4 | _aالادارة |
| 650 | 0 | 4 | _aالموظفون |
| 650 | 0 | 4 | _aالمستشفيات |
| 650 | 0 | 4 | _aادارة الافراد |
| 650 | 0 | 4 | _aالعلاقات الوظيفية |
| 942 |
_2ddc _cBK |
||
| 999 |
_c30937 _d30937 |
||